000 00945nam a22003137a 4500
001 BR6004535
003 BR-BrBNA
005 20230928083210.0
007 ta
008 230509b bl.||||| |||| 00| 0 por d
040 _aBR-BrBNA
_bpor
_cBiblioteca Nacional de Agricultura
041 _a(Por)
072 _aF00; F25; E10
_b0430
090 _ 0430 BR6004535
110 1 _aAssociacao Nordestina de Credito e Assistencia Rural da Bahia, Salvador (Brasil)
_9689
245 1 _aResultados ensaios demonstrativos. Cultura algodao herbaceo 73/74
_bProjeto FAO/ABCAR/ANDA/BNB
260 3 _aSalvador, BA (Brasil):
_c[nd].
300 _a3 p.
500 _aPublished 1973?; Numerical data
650 _aProducao vegetal
650 _aFertilidade do solo
650 _aEconomia
650 _aAlgodao herbaceo
650 _aAnalise do solo
650 _aAdubacao
650 _aCusto
909 _a202309
_bLucia
_c55
_dLucia Elande
942 _cBK
999 _c12105
_d12105